Statistics for Guess the Celebrity - By Picture #8

Click here to take the quiz!

General Stats

  • This quiz has been taken 3,322 times
  • The average score is 7 of 16

Answer Stats

Answer% Correct
Marshmello
86%
Meghan Trainor
75%
Lana Del Rey
65%
Hailey Baldwin
61%
Ru Paul
55%
Khalid
50%
Paul McCartney
50%
50 cent
45%
Anne Marie
43%
Iggy Azalea
42%
Rita Ora
42%
Colonel Sanders
31%
Michael Bublé
31%
Jon Bon Jovi
20%
Dean Martin
10%
Ashley Bloomfield
1%

Score Distribution

Percentile by Number Answered

Percent of People with Each Score

Your Score History

You have not taken this quiz